000 00549cam a2200181 4500500
005 20260405000618.0
041 _afre
042 _adc
100 1 0 _aDelecroix, Vincent
_eauthor
245 0 0 _aL’art de la conversation
260 _c2008.
500 _a44
690 _aFrédéric Worms
690 _aNouvelle
690 _aVincent Delecroix
786 0 _nPhilosophie magazine | 21 | 7 | 2008-07-01 | p. 42-42 | 1951-1787
856 4 1 _uhttps://shs.cairn.info/magazine-philosophie-magazine-2008-7-page-42?lang=fr&redirect-ssocas=7080
999 _c2038969
_d2038969